000 00440nam a22001697a 4500
003 OSt
005 20240625114924.0
008 240625b |||||||| |||| 00| 0 eng d
040 _cMUST
082 _222
_a547.1 EIL 1962
100 _aEilel, Ernest L
_917788
245 _asterochemistry of carbon compounds/
_cErnest L. Eliel
300 _axv,468p.
_bill. ;
_c24cm
504 _aincludes index
650 _2chemistry
942 _2ddc
_cO_SHELF
999 _c8801
_d8801